000 00763nas a2200253 4500
001 BR9001025
003 BR-BrBNA
005 20231205091825.0
007 ta
008 230509b bl.|||p| |||| 00| 00por d
040 _aBR-BrBNA
_bpor
_cBiblioteca Nacional de Agricultura
041 _a(Pt)
072 _aP33
100 1 _aLoyola Junior, E.
100 1 _aPavan, M.A.
245 1 _aSeletividade de troca de cations em solos acidos
246 1 _aCation exchange selectivity in acid soils
650 _aSOLO ACIDO
650 _aCATION
650 _aPARANÁ
773 0 _tRevista Brasileira de Ciencia do Solo (Brazil)
_xISSN 0100-0683
_g(May-Aug 1989), v. 13(2) p. 131-138
_wBR9001025
909 _a202311
_bLúcia
_c55
_dLúcia Elande
942 _2AGRIS
_n0
_cANA
999 _c127578
_d127578